000 00548nam a22002177a 4500
003 UA-OsUOA
001 88577
007 ta
008 20121009b un ||||| |||| 00| 0 ukr d
100 _aЧерняев А.С.
090 _a32
_bЧ-49
942 _cSA
040 _aUA-OsUOA
_brus
_cUA-OsUOA
_dUA-OsUOA
245 _aДвойной портре: Брежнев - Горбачев
300 _aС.46-67
955 _a0
041 _arus
080 _a32
773 0 _w88576
_tПолития
_dМ.
_d2012
_g3
650 7 _a32 Політика
_2UDC
999 _c374557
_d374557